Catálogo
 En Linea

Ley institucional de la policia nacional : (Registro nro. 38950)

Detalles MARC
000 -CABECERA
campo de control de longitud fija 00597nam a2200157 a 4500
001 - NÚMERO DE CONTROL
campo de control 000039460
005 - FECHA Y HORA DE LA ÚLTIMA TRANSACCIÓN
campo de control 20201002031648.0
008 - DATOS DE LONGITUD FIJA--INFORMACIÓN GENERAL
campo de control de longitud fija 130701s2004 dr 000 0 spa d
040 ## - FUENTE DE LA CATALOGACIÓN
Centro catalogador/agencia de origen DO-SdBNP
Lengua de catalogación spa
Centro/agencia transcriptor BNPHU
110 2# - ENTRADA PRINCIPAL--NOMBRE DE ENTIDAD CORPORATIVA
Nombre de entidad corporativa o nombre de jurisdicción como elemento de entrada República Dominicana
9 (RLIN) 447
240 10 - TÍTULO UNIFORME
Título uniforme [Leyes etc.]
245 10 - MENCIÓN DE TÍTULO
Título Ley institucional de la policia nacional :
Resto del título No. 96-04 gaceta oficial no. 10258 del 5 febrero de 2004.
246 14 - FORMA VARIANTE DE TÍTULO
Título propio/Titulo breve Ley institucional de la policia nacional :
Resto del título No. 96-04 gaceta oficial no. 10258 del 5 febrero de 2004
260 ## - PUBLICACIÓN, DISTRIBUCIÓN, ETC.
Lugar de publicación, distribución, etc. [Santo Domingo] :
Nombre del editor, distribuidor, etc. Congreso Nacional.,
Fecha de publicación, distribución, etc. 2004.
300 ## - DESCRIPCIÓN FÍSICA
Extensión 55 p. ;
Dimensiones 21 cm.
Existencias
Estado de retiro Estado de pérdida No para préstamo Código de colección Localización permanente Ubicación/localización actual Ubicación en estantería Fecha de adquisición Número de inventario Total de préstamos Signatura topográfica completa Código de barras Fecha visto por última vez Precio válido a partir de Tipo de ítem Koha
      Patrimonio Dominicano Patrimonio Dominicano Patrimonio Dominicano Orden iniciada 01.07.2013 LF1   39460-10 25.06.2020 25.06.2020 Libro y Folleto Colección Patrimonio Dominicano

Con tecnología Koha